| 000 | 01133nam a22002537a 4500 | ||
|---|---|---|---|
| 999 |
_c22520 _d22520 |
||
| 003 | AR-CdUCM | ||
| 008 | 190409b ||||| |||| 00| 0 spa d | ||
| 020 | _a9786124358067 | ||
| 040 |
_aMUNICIPALIDAD PROVINCIAL DEL CUSCO _cBIBLIOTECA MUNICIPAL DEL CUSCO |
||
| 082 |
_a985.03/L98 _bL98 |
||
| 245 |
_aHaciendas en el mundo andino, siglos XVI-XX _cPablo Luna, Francisco Quiroz Chueca |
||
| 260 |
_aLima : _bInstituto Francés de Estudios Andinos, _bFundación M. J. Bustamante de la Fuente, _bTarea Asociación Gráfica Educativa _c2019. |
||
| 300 |
_a253 páginas. : _bIlustraciones, mapas; _c24 cm. |
||
| 500 | _zSe tiene la bibliografía al término de cada artículo. | ||
| 505 | _aContenido: Presentación -- Introducción -- Parte I: Análisis de haciendas -- Parte II: Hacienda y región -- Parte III: Haciendas y trabajo -- Fuentes -- Sobre los autores. | ||
| 650 |
_aHaciendas _96478 |
||
| 650 |
_aConflicto social _945013 |
||
| 650 |
_aAyacucho _93896 |
||
| 650 |
_aHistoria _948412 |
||
| 700 |
_aLuna, Pablo _eeditor _948413 |
||
| 700 |
_aQuiroz Chueca, Francisco _eeditor _948414 |
||
| 942 |
_2ddc _cLIBROS |
||
| 945 | _arac | ||